| 000 | 00568nam a22001817a 4500 | ||
|---|---|---|---|
| 082 | _aBEE-4 ATH | ||
| 100 |
_aAli Athar _970312 |
||
| 245 | _aWhole body motion planning for humanoid robots | ||
| 260 |
_aIslamabad _bNUST-SEECS _c2016 |
||
| 300 |
_a34p. _b27cm. _eCD Includes |
||
| 500 | _aSupervisors: Dr. Yasar Ayaz, Fahad Islam, Dr. Osman Hassan | ||
| 563 | _aHB | ||
| 700 |
_aAbdul Moeed Zafar _993451 |
||
| 700 |
_aRizwan Asif _993452 |
||
| 700 |
_aARmaghan Ahmad Khan _993453 |
||
| 856 | _u http://10.250.8.41:8080/xmlui/handle/123456789/9798 | ||
| 942 |
_cPR _2ddc |
||
| 999 |
_c13638 _d13638 |
||